[Event "ETCC Open 2023"]
[Site "Budva"]
[Date "2023.11.19"]
[Round "8.19"]
[White "Melkumyan, Hrant"]
[Black "Kourkoulos-Arditis, Stamatis"]
[Result "0-1"]
[WhiteElo "2650"]
[BlackElo "2543"]
[Annotator "TA"]
[PlyCount "200"]
[EventDate "2023.11.10"]
[EventType "team-tourn"]
[EventCountry "MNE"]
[SourceTitle "playchess.com"]
[Source "ChessBase"]
[SourceQuality "1"]
[WhiteTeam "Armenia"]
[BlackTeam "Greece"]
[WhiteTeamCountry "ARM"]
[BlackTeamCountry "GRE"]

1. d4 Nf6 2. c4 g6 3. Nc3 Bg7 4. e4 d6 5. Be2 O-O 6. Be3 Na6 7. h3 e5 8. d5 Nc5 9. Qc2 a5 10. g4 c6 11. Nf3 a4 12. Nd2 Qa5 13. Rg1 a3 14. b3 Na6 15. Rc1 Nb4 16. Qb1 Nd7 17. Nf1 Nc5 18. Bd2 Qd8 19. Ng3 Bf6 20. Nd1 Nca6 21. Ne3 Bg5 22. Rd1 Bd7 23. Kf1 Bf4 24. Bc3 Rc8 25. Kg2 Qh4 26. Kh2 cxd5 27. Ng2 Bxg3+ 28. fxg3 Qe7 29. exd5 f5 30. Rgf1 fxg4 31. Bxg4 Bxg4 32. hxg4 Qg5 33. Bd2 Qxg4 34. Rde1 Qh5+ 35. Kg1 b6 36. Bc1 Qh3 37. Bxa3 Qxg3 38. Re3 Qg4 39. Kh2 Rxf1 40. Qxf1 Rf8 41. Qg1 Rf5 42. Rh3 Rh5 43. Rxh5 Qxh5+ 44. Kg3 Nc5 45. Qb1 Nbd3 46. Bxc5 Nxc5 47. b4 Nd7 48. Qe4 Nf6 49. Qh4 Qf5 50. Ne3 Nh5+ 51. Kh2 Qf3 52. Ng4 Qf4+ 53. Kg2 Qe4+ 54. Kh2 Qc2+ 55. Kg1 Qb1+ 56. Kh2 Qxa2+ 57. Nf2 Kf7 58. Kg1 Nf6 59. Qh3 Qb1+ 60. Kg2 Qf5 61. Qa3 Nd7 62. Qe3 Qf4 63. Qh3 Nf6 64. Qe6+ Kg7 65. c5 dxc5 66. d6 Qg5+ 67. Kh1 Qf5 68. Qe7+ Kh6 69. Kg1 cxb4 70. Qf8+ Kh5 71. Qf7 h6 72. Qb3 e4 73. Nh1 Qg5+ 74. Kf1 Qc1+ 75. Kg2 Qd2+ 76. Kh3 Qxd6 77. Ng3+ Kg5 78. Qe3+ Qf4 79. Qxb6 Qg4+ 80. Kh2 Qf4 81. Qxb4 Kg4 82. Qe1 h5 83. Kh1 Qf3+ 84. Kh2 e3 85. Nh1 Ne4 86. Qg1+ Kf5 87. Qc1 Kg5 88. Qg1+ Kh6 89. Qa1 Qf4+ 90. Kg2 Qg4+ 91. Kh2 Qh4+ 92. Kg2 Qf6 93. Qc1 Qg5+ 94. Kh2 e2 95. Qa1 Qh4+ 96. Kg2 Qg4+ 97. Kh2 Qh4+ 98. Kg2 e1=N+ 99. Kg1 Nf3+ 100. Kg2 Qg4+ 0-1

[Event "ETCC Open 2023"]
[Site "Budva"]
[Date "2023.11.19"]
[Round "8.20"]
[White "Ioannidis, Evgenios"]
[Black "Ter-Sahakyan, Samvel"]
[Result "1/2-1/2"]
[WhiteElo "2502"]
[BlackElo "2618"]
[Annotator "TA"]
[PlyCount "50"]
[EventDate "2023.11.10"]
[EventType "team-tourn"]
[EventCountry "MNE"]
[SourceTitle "playchess.com"]
[Source "ChessBase"]
[SourceQuality "1"]
[WhiteTeam "Greece"]
[BlackTeam "Armenia"]
[WhiteTeamCountry "GRE"]
[BlackTeamCountry "ARM"]

1. d4 Nf6 2. c4 e6 3. Nf3 d5 4. Nc3 Bb4 5. Bg5 h6 6. Bxf6 Qxf6 7. e3 O-O 8. Rc1 dxc4 9. Bxc4 c5 10. O-O cxd4 11. Nxd4 Bd7 12. Qb3 Nc6 13. Nxc6 Bxc3 14. Qxc3 Bxc6 15. Qxf6 gxf6 16. Rfd1 Rfd8 17. f3 f5 18. Kf2 Kg7 19. Be2 Kf6 20. f4 Rxd1 21. Rxd1 Rc8 22. Rc1 Rd8 23. Rd1 Rc8 24. Rc1 Rd8 25. Rd1 Rc8 1/2-1/2

[Event "ETCC Open 2023"]
[Site "Budva"]
[Date "2023.11.19"]
[Round "8.21"]
[White "Rapport, Richard"]
[Black "Saric, Ivan"]
[Result "1/2-1/2"]
[WhiteElo "2748"]
[BlackElo "2659"]
[Annotator "TA"]
[PlyCount "61"]
[EventDate "2023.11.10"]
[EventType "team-tourn"]
[EventCountry "MNE"]
[SourceTitle "playchess.com"]
[Source "ChessBase"]
[SourceQuality "1"]
[WhiteTeam "Romania"]
[BlackTeam "Croatia"]
[WhiteTeamCountry "ROU"]
[BlackTeamCountry "CRO"]

1. d4 Nf6 2. c4 e6 3. Nf3 d5 4. g3 Be7 5. Bg2 O-O 6. O-O dxc4 7. Qc2 b5 8. a4 Bb7 9. axb5 a6 10. bxa6 Nxa6 11. Qxc4 Bd5 12. Qc3 c5 13. Bf4 Ne4 14. Qc1 cxd4 15. Nxd4 Nb4 16. Nc3 Nxc3 17. bxc3 Bxg2 18. Kxg2 Rc8 19. Bd2 Bf6 20. Nf3 Nd5 21. Ra3 Rc4 22. Qb2 Qc7 23. Rc1 Rc8 24. Qa2 Nxc3 25. Bxc3 Rxc3 26. Raxc3 Bxc3 27. Qa6 Qd8 28. h4 Ra8 29. Rd1 Qe8 30. Qd3 Bf6 31. Qe4 1/2-1/2

[Event "ETCC Open 2023"]
[Site "Budva"]
[Date "2023.11.19"]
[Round "8.22"]
[White "Brkic, Ante"]
[Black "Deac, Bogdan-Daniel"]
[Result "1-0"]
[WhiteElo "2622"]
[BlackElo "2700"]
[Annotator "TA"]
[PlyCount "79"]
[EventDate "2023.11.10"]
[EventType "team-tourn"]
[EventCountry "MNE"]
[SourceTitle "playchess.com"]
[Source "ChessBase"]
[SourceQuality "1"]
[WhiteTeam "Croatia"]
[BlackTeam "Romania"]
[WhiteTeamCountry "CRO"]
[BlackTeamCountry "ROU"]

1. e4 e5 2. Nf3 Nc6 3. Bb5 Nf6 4. O-O Nxe4 5. Re1 Nd6 6. Nxe5 Be7 7. Bf1 Nf5 8. Nf3 d5 9. d4 O-O 10. Nc3 h6 11. Ne2 Bd6 12. Bf4 Re8 13. Qd2 Be6 14. Ng3 Bxf4 15. Qxf4 Qd6 16. Qxd6 Nxd6 17. c3 f6 18. Bd3 g5 19. h4 Kf7 20. hxg5 hxg5 21. Nd2 Rh8 22. f4 gxf4 23. Ne2 Bf5 24. Nxf4 Bxd3 25. Nxd3 Rh6 26. Re3 Rah8 27. Rf1 Rh1+ 28. Kf2 Rxf1+ 29. Kxf1 Ne7 30. Nf2 Nef5 31. Rh3 Re8 32. Ng4 Kg6 33. Kf2 c6 34. Nh2 Ng7 35. Rg3+ Kf7 36. Re3 Ne6 37. Nhf1 b5 38. Ng3 a5 39. Re1 b4 40. Rh1 1-0

[Event "ETCC Open 2023"]
[Site "Budva"]
[Date "2023.11.19"]
[Round "8.23"]
[White "Shevchenko, Kirill"]
[Black "Martinovic, Sasa"]
[Result "1/2-1/2"]
[WhiteElo "2665"]
[BlackElo "2542"]
[Annotator "TA"]
[PlyCount "79"]
[EventDate "2023.11.10"]
[EventType "team-tourn"]
[EventCountry "MNE"]
[SourceTitle "playchess.com"]
[Source "ChessBase"]
[SourceQuality "1"]
[WhiteTeam "Romania"]
[BlackTeam "Croatia"]
[WhiteTeamCountry "ROU"]
[BlackTeamCountry "CRO"]

1. d4 Nf6 2. c4 e6 3. Nf3 d5 4. Nc3 Nbd7 5. Bf4 dxc4 6. e3 b5 7. Nxb5 Bb4+ 8. Nd2 Nd5 9. Bg3 N7b6 10. Rc1 O-O 11. a3 Ba5 12. Nc3 Bb7 13. Nxc4 Nxc4 14. Bxc4 Nxc3 15. bxc3 Bxg2 16. Rg1 Be4 17. Qh5 Qb8 18. Be5 Bg6 19. Qe2 Qb6 20. h4 f6 21. Bh2 Rab8 22. h5 Bxc3+ 23. Kf1 Bb2 24. Bxc7 Qc6 25. Bxb8 Bxc1 26. Bd6 Bxh5 27. Qxh5 Qxc4+ 28. Qe2 Rc8 29. Qxc4 Rxc4 30. Ke2 Bb2 31. Kd3 Rc3+ 32. Kd2 Rc6 33. Bc5 Ra6 34. Kc2 Bxa3 35. Ra1 Bxc5 36. Rxa6 Bb6 37. Ra1 g5 38. Kd3 Kf7 39. Ke4 h5 40. d5 1/2-1/2

[Event "ETCC Open 2023"]
[Site "Budva"]
[Date "2023.11.19"]
[Round "8.24"]
[White "Bosiocic, Marin"]
[Black "Nisipeanu, Liviu-Dieter"]
[Result "1/2-1/2"]
[WhiteElo "2537"]
[BlackElo "2591"]
[Annotator "RC"]
[PlyCount "60"]
[EventDate "2023.11.10"]
[EventType "team-tourn"]
[EventCountry "MNE"]
[SourceTitle "playchess.com"]
[Source "ChessBase"]
[SourceQuality "1"]
[WhiteTeam "Croatia"]
[BlackTeam "Romania"]
[WhiteTeamCountry "CRO"]
[BlackTeamCountry "ROU"]

1. d4 Nf6 2. c4 e6 3. Nf3 d5 4. Nc3 Be7 5. Bf4 O-O 6. e3 Nbd7 7. c5 Nh5 8. Bd3 Nxf4 9. exf4 c6 10. Qc2 h6 11. O-O Qc7 12. Ne5 Nxe5 13. fxe5 f6 14. f4 b6 15. b4 bxc5 16. bxc5 Qa5 17. Rab1 Ba6 18. Ne2 Rab8 19. Rb3 fxe5 20. Rxb8 Rxb8 21. fxe5 Bg5 22. h4 Bxd3 23. Qxd3 Qd2 24. Qg6 Qxe2 25. hxg5 Qg4 26. Qf7+ Kh7 27. Qf4 Qxf4 28. Rxf4 hxg5 29. Rf7 Rb4 30. Re7 Rxd4 1/2-1/2

[Event "ETCC Open 2023"]
[Site "Budva"]
[Date "2023.11.19"]
[Round "8.25"]
[White "Moroni, Luca Jr"]
[Black "Wojtaszek, Radoslaw"]
[Result "1/2-1/2"]
[WhiteElo "2575"]
[BlackElo "2668"]
[Annotator "TA"]
[PlyCount "64"]
[EventDate "2023.11.10"]
[EventType "team-tourn"]
[EventCountry "MNE"]
[SourceTitle "playchess.com"]
[Source "ChessBase"]
[SourceQuality "1"]
[WhiteTeam "Italy"]
[BlackTeam "Poland"]
[WhiteTeamCountry "ITA"]
[BlackTeamCountry "POL"]

1. d4 Nf6 2. Nf3 d5 3. c3 c6 4. Qc2 Bg4 5. Ne5 Bh5 6. Qf5 Bg6 7. Qh3 Bxb1 8. Rxb1 Nbd7 9. g4 Qa5 10. Ra1 Nxe5 11. dxe5 Nd7 12. e6 fxe6 13. g5 g6 14. b4 Qc7 15. Qxe6 Bg7 16. Bd2 a5 17. Rc1 axb4 18. cxb4 Bb2 19. Rd1 Qd6 20. Bh3 Qxe6 21. Bxe6 Nf8 22. Bh3 Rxa2 23. O-O e6 24. e4 Kf7 25. exd5 cxd5 26. Rfe1 Bd4 27. Kf1 h6 28. gxh6 g5 29. Bg4 Rxh6 30. h3 Rf6 31. Re2 Ng6 32. f3 e5 1/2-1/2

[Event "ETCC Open 2023"]
[Site "Budva"]
[Date "2023.11.19"]
[Round "8.26"]
[White "Teclaf, Pawel"]
[Black "Sonis, Francesco"]
[Result "1/2-1/2"]
[WhiteElo "2571"]
[BlackElo "2564"]
[Annotator "RC"]
[PlyCount "79"]
[EventDate "2023.11.10"]
[EventType "team-tourn"]
[EventCountry "MNE"]
[SourceTitle "playchess.com"]
[Source "ChessBase"]
[SourceQuality "1"]
[WhiteTeam "Poland"]
[BlackTeam "Italy"]
[WhiteTeamCountry "POL"]
[BlackTeamCountry "ITA"]

1. d4 Nf6 2. Bg5 e6 3. Nd2 h6 4. Bh4 d5 5. e3 c5 6. c3 Nc6 7. Ngf3 Bd6 8. Bd3 O-O 9. dxc5 Bxc5 10. e4 Be7 11. O-O dxe4 12. Nxe4 Nh5 13. Bxe7 Qxe7 14. Re1 Rd8 15. Qc2 b6 16. Rad1 Bb7 17. Bf1 Nf6 18. Nxf6+ Qxf6 19. Bd3 Rac8 20. Qa4 Na5 21. Ne5 Qg5 22. g3 Nc6 23. Nf3 Qf6 24. Be4 Qe7 25. Rxd8+ Qxd8 26. Nd4 Qd7 27. Bg2 a6 28. Bxc6 Bxc6 29. Qxa6 Ba8 30. f3 Qc7 31. Kf2 Rd8 32. Qb5 Bd5 33. a3 e5 34. Nf5 Bc4 35. Qxe5 Rd2+ 36. Kg1 Qxe5 37. Rxe5 Rxb2 38. Nd6 Be6 39. Rb5 Rc2 40. Rxb6 1/2-1/2

[Event "ETCC Open 2023"]
[Site "Budva"]
[Date "2023.11.19"]
[Round "8.27"]
[White "Lodici, Lorenzo"]
[Black "Socko, Bartosz"]
[Result "1/2-1/2"]
[WhiteElo "2550"]
[BlackElo "2545"]
[Annotator "RC"]
[PlyCount "132"]
[EventDate "2023.11.10"]
[EventType "team-tourn"]
[EventCountry "MNE"]
[SourceTitle "playchess.com"]
[Source "ChessBase"]
[SourceQuality "1"]
[WhiteTeam "Italy"]
[BlackTeam "Poland"]
[WhiteTeamCountry "ITA"]
[BlackTeamCountry "POL"]

1. e4 e6 2. d4 d5 3. e5 c5 4. c3 Nc6 5. Nf3 Bd7 6. Be2 Nge7 7. O-O Ng6 8. Re1 Be7 9. g3 O-O 10. h4 cxd4 11. cxd4 f6 12. h5 Nh8 13. exf6 Bxf6 14. Nc3 Be8 15. h6 Bg6 16. hxg7 Kxg7 17. Bf4 Nf7 18. Qd2 Be4 19. Be3 Kh8 20. Rad1 Rg8 21. Nh2 Bf5 22. Kg2 Nd6 23. b3 Rc8 24. Rh1 Qa5 25. Nf3 Ne4 26. Nxe4 Bxe4 27. Qxa5 Nxa5 28. Bd3 Bxd3 29. Rxd3 Rc2 30. Rd2 Rxd2 31. Bxd2 Nc6 32. Bc3 Kg7 33. g4 Rc8 34. g5 Bd8 35. Bd2 Ne7 36. Re1 Rc6 37. Kg3 Ng6 38. Kg4 Bc7 39. Re2 Kf7 40. Ne1 Bb6 41. Be3 Rc3 42. Bd2 Rc8 43. Be3 Ne7 44. Nf3 Nf5 45. Rd2 Rc1 46. Bf4 Bc7 47. Bxc7 Rxc7 48. Re2 Rc3 49. g6+ hxg6 50. Ng5+ Kg7 51. Rxe6 Rd3 52. Re8 Rxd4+ 53. f4 Rd3 54. Nf3 Re3 55. Rd8 Re2 56. Ng5 Re3 57. Nf3 Kf6 58. Rxd5 Rxb3 59. Rd7 Ra3 60. Rxb7 Rxa2 61. Ng5 Nh6+ 62. Kf3 Ra3+ 63. Ke4 Ra4+ 64. Kf3 Ra3+ 65. Ke4 Ra4+ 66. Kf3 Ra3+ 1/2-1/2

[Event "ETCC Open 2023"]
[Site "Budva"]
[Date "2023.11.19"]
[Round "8.28"]
[White "Gumularz, Szymon"]
[Black "Dvirnyy, Danyyil"]
[Result "1-0"]
[WhiteElo "2580"]
[BlackElo "2495"]
[Annotator "RC"]
[PlyCount "119"]
[EventDate "2023.11.10"]
[EventType "team-tourn"]
[EventCountry "MNE"]
[SourceTitle "playchess.com"]
[Source "ChessBase"]
[SourceQuality "1"]
[WhiteTeam "Poland"]
[BlackTeam "Italy"]
[WhiteTeamCountry "POL"]
[BlackTeamCountry "ITA"]

1. e4 c6 2. d4 d5 3. Nd2 dxe4 4. Nxe4 Bf5 5. Ng3 Bg6 6. h4 h6 7. Nf3 Nd7 8. Bd3 Bxd3 9. Qxd3 e6 10. Bf4 Qa5+ 11. Bd2 Bb4 12. c3 Be7 13. c4 Qc7 14. Nh5 Ndf6 15. Nxg7+ Kf8 16. Nxe6+ fxe6 17. Ne5 Rh7 18. O-O-O Bd6 19. g4 Bxe5 20. dxe5 Qxe5 21. Rhe1 Qc5 22. Kb1 Rd7 23. Qg6 Rxd2 24. Rxd2 Qxc4 25. g5 Qg4 26. f3 Qxh4 27. gxf6 Qxe1+ 28. Kc2 Qxd2+ 29. Kxd2 Rd8+ 30. Kc2 Rd7 31. f7 Rxf7 32. Qxe6 Nf6 33. Qe3 a6 34. Qxh6+ Ke8 35. Qf4 Kf8 36. Qb8+ Kg7 37. Qe5 Kg8 38. f4 Nd5 39. f5 Re7 40. Qg3+ Kf7 41. Qg6+ Kf8 42. a3 Rf7 43. Qg3 a5 44. Kb1 a4 45. Ka1 Ke7 46. Qe5+ Kf8 47. Ka2 Re7 48. Qh8+ Kf7 49. Qh4 Rd7 50. Qh7+ Ke8 51. Qg8+ Ke7 52. Qe6+ Kd8 53. f6 Nxf6 54. Qxf6+ Kc8 55. Qf8+ Rd8 56. Qf5+ Rd7 57. Qe4 Rd5 58. Qxa4 Kb8 59. Qf4+ Ka7 60. b4 1-0

[Event "ETCC Open 2023"]
[Site "Budva"]
[Date "2023.11.19"]
[Round "8.29"]
[White "Grandelius, Nils"]
[Black "Gledura, Benjamin"]
[Result "1/2-1/2"]
[WhiteElo "2688"]
[BlackElo "2633"]
[Annotator "TA"]
[PlyCount "64"]
[EventDate "2023.11.10"]
[EventType "team-tourn"]
[EventCountry "MNE"]
[SourceTitle "playchess.com"]
[Source "ChessBase"]
[SourceQuality "1"]
[WhiteTeam "Sweden"]
[BlackTeam "Hungary"]
[WhiteTeamCountry "SWE"]
[BlackTeamCountry "HUN"]

1. e4 c5 2. Nf3 d6 3. d4 cxd4 4. Nxd4 Nf6 5. Bd3 Nc6 6. Nxc6 bxc6 7. O-O g6 8. b3 Bg7 9. Bb2 O-O 10. Nc3 d5 11. Re1 Nxe4 12. Bxe4 dxe4 13. Rxe4 Qc7 14. Na4 e5 15. Qe2 Re8 16. Re1 f6 17. Nc5 Bf5 18. Qc4+ Qf7 19. Qxf7+ Kxf7 20. Rc4 Bf8 21. g4 Bxg4 22. Rxg4 Bxc5 23. Rc4 Be7 24. Rxc6 Rec8 25. Rxc8 Rxc8 26. Re2 g5 27. h3 h5 28. c4 Ke6 29. Bd4 a6 30. Kg2 g4 31. hxg4 hxg4 32. Bc3 Rd8 1/2-1/2

[Event "ETCC Open 2023"]
[Site "Budva"]
[Date "2023.11.19"]
[Round "8.30"]
[White "Banusz, Tamas"]
[Black "Hillarp Persson, Tiger"]
[Result "1-0"]
[WhiteElo "2609"]
[BlackElo "2502"]
[Annotator "TA"]
[PlyCount "91"]
[EventDate "2023.11.10"]
[EventType "team-tourn"]
[EventCountry "MNE"]
[SourceTitle "playchess.com"]
[Source "ChessBase"]
[SourceQuality "1"]
[WhiteTeam "Hungary"]
[BlackTeam "Sweden"]
[WhiteTeamCountry "HUN"]
[BlackTeamCountry "SWE"]

1. Nf3 Nf6 2. g3 d5 3. Bg2 e6 4. O-O Be7 5. c4 O-O 6. d4 c6 7. b3 a5 8. Qc2 a4 9. Ba3 Bxa3 10. Nxa3 Qe7 11. Qb2 axb3 12. axb3 Nbd7 13. Nc2 Rxa1 14. Rxa1 Re8 15. e3 Ne4 16. Nce1 f6 17. Nd3 Nf8 18. Ra7 Nd6 19. Nd2 Qd8 20. Qa1 Ng6 21. h4 Ne7 22. Ra8 Qc7 23. e4 dxe4 24. Nxe4 Ndf5 25. Nf4 Rd8 26. Ne2 Kf7 27. c5 h5 28. Qc3 Nd5 29. Qf3 Kg6 30. Bh3 Nfe7 31. Nd6 Rxd6 32. cxd6 Qxd6 33. Qe4+ Kh6 34. Nf4 Nxf4 35. Qxf4+ Qxf4 36. gxf4 Kg6 37. b4 Kf7 38. b5 Bd7 39. Rd8 Be8 40. b6 Nd5 41. Rb8 Nxb6 42. Rxb7+ Nd7 43. Bg2 Ke7 44. Bxc6 Kd6 45. Bb5 f5 46. Bxd7 1-0

[Event "ETCC Open 2023"]
[Site "Budva"]
[Date "2023.11.19"]
[Round "8.31"]
[White "Sorensen, Hampus"]
[Black "Kozak, Adam"]
[Result "0-1"]
[WhiteElo "2479"]
[BlackElo "2578"]
[Annotator "RC"]
[PlyCount "74"]
[EventDate "2023.11.10"]
[EventType "team-tourn"]
[EventCountry "MNE"]
[SourceTitle "playchess.com"]
[Source "ChessBase"]
[SourceQuality "1"]
[WhiteTeam "Sweden"]
[BlackTeam "Hungary"]
[WhiteTeamCountry "SWE"]
[BlackTeamCountry "HUN"]

1. d4 Nf6 2. c4 e6 3. Nf3 d5 4. g3 c6 5. Bg2 dxc4 6. O-O b5 7. a4 Bb7 8. b3 b4 9. bxc4 c5 10. Nbd2 Nbd7 11. Nb3 Be7 12. a5 Rc8 13. a6 Be4 14. Bb2 O-O 15. Qd2 Qc7 16. Rfc1 Rfd8 17. Qe3 Ba8 18. Ne1 Bxg2 19. Kxg2 cxd4 20. Bxd4 e5 21. Bb2 Nc5 22. Kg1 Ng4 23. Qf3 Nxb3 24. Qxb3 Bc5 25. e3 Nxf2 26. Kxf2 Rd2+ 27. Kg1 Re2 28. Kf1 Rxe3 29. Qa4 Qd6 30. Rc2 Qe6 31. Kg2 Qg4 32. Kh1 b3 33. Rd2 Re2 34. Rxe2 Qxe2 35. Ng2 Qxb2 36. Rd1 Bd4 37. Qd7 Rf8 0-1

[Event "ETCC Open 2023"]
[Site "Budva"]
[Date "2023.11.19"]
[Round "8.32"]
[White "Balog, Imre"]
[Black "Kucuksari, Kaan"]
[Result "1-0"]
[WhiteElo "2617"]
[BlackElo "2474"]
[Annotator "TA"]
[PlyCount "107"]
[EventDate "2023.11.10"]
[EventType "team-tourn"]
[EventCountry "MNE"]
[SourceTitle "playchess.com"]
[Source "ChessBase"]
[SourceQuality "1"]
[WhiteTeam "Hungary"]
[BlackTeam "Sweden"]
[WhiteTeamCountry "HUN"]
[BlackTeamCountry "SWE"]

1. d4 f5 2. Nf3 Nf6 3. g3 g6 4. Bg2 Bg7 5. b3 O-O 6. Bb2 c6 7. c4 d6 8. Qc2 a5 9. O-O Na6 10. Nc3 Qc7 11. e4 Nb4 12. Qe2 fxe4 13. Nxe4 Nxe4 14. Qxe4 e5 15. dxe5 Bf5 16. Qh4 dxe5 17. Ng5 h6 18. Ne4 Rad8 19. c5 Nd3 20. Bc3 g5 21. Qh5 Bxe4 22. Bxe4 Nxc5 23. Rae1 Nxe4 24. Rxe4 Rd5 25. Qe2 Qd6 26. h4 gxh4 27. Rxh4 Rf5 28. Re4 Qg6 29. Rh4 Rg5 30. Kg2 Rd3 31. Be1 Rd4 32. Rfh1 Qd6 33. Re4 Qd5 34. Rhh4 a4 35. Bc3 Rxe4 36. Qxe4 axb3 37. axb3 Rf5 38. Bd2 Rf7 39. Qxd5 cxd5 40. Bxh6 Bf6 41. Rb4 Rd7 42. g4 Kf7 43. Bd2 Bd8 44. Ra4 Ke6 45. Ra8 d4 46. Kf3 Kd5 47. g5 e4+ 48. Kg4 Bb6 49. Re8 d3 50. Rf8 Rc7 51. Rf5+ Ke6 52. Rf6+ Kd5 53. Rxb6 Rf7 54. Bc1 1-0

[Event "ETCC Open 2023"]
[Site "Budva"]
[Date "2023.11.19"]
[Round "8.34"]
[White "Nguyen, Thai Dai Van"]
[Black "Kazakouski, Valery"]
[Result "1-0"]
[WhiteElo "2624"]
[BlackElo "2577"]
[Annotator "TA"]
[PlyCount "73"]
[EventDate "2023.11.10"]
[EventType "team-tourn"]
[EventCountry "MNE"]
[SourceTitle "playchess.com"]
[Source "ChessBase"]
[SourceQuality "1"]
[WhiteTeam "Czech Republic"]
[BlackTeam "Lithuania"]
[WhiteTeamCountry "CZE"]
[BlackTeamCountry "LTU"]

1. e4 e5 2. Nf3 Nc6 3. Bc4 d6 4. Nc3 Be7 5. d4 Bg4 6. d5 Nd4 7. Be3 Nf6 8. Bxd4 exd4 9. Qxd4 Bxf3 10. gxf3 Nh5 11. Rg1 Bf6 12. Qe3 Be5 13. Ne2 Qf6 14. Rg4 Bxb2 15. Rb1 O-O 16. Qg5 Qe5 17. f4 Qxe4 18. Bd3 Bc3+ 19. Kf1 Qh1+ 20. Rg1 Qxh2 21. Nxc3 Qh3+ 22. Qg2 Qxg2+ 23. Kxg2 Nxf4+ 24. Kf3 Nxd3 25. cxd3 Rab8 26. Rg4 a6 27. Rgb4 b6 28. Rc4 Rb7 29. Ra4 Ra8 30. Nb5 h5 31. Rc1 Kh7 32. Nxc7 Raa7 33. Rac4 b5 34. Rc6 a5 35. Ne8 Re7 36. Nxd6 Rad7 37. Nf5 1-0

[Event "ETCC Open 2023"]
[Site "Budva"]
[Date "2023.11.19"]
[Round "8.35"]
[White "Pultinevicius, Paulius"]
[Black "Zilka, Stepan"]
[Result "1/2-1/2"]
[WhiteElo "2589"]
[BlackElo "2609"]
[Annotator "TA"]
[PlyCount "77"]
[EventDate "2023.11.10"]
[EventType "team-tourn"]
[EventCountry "MNE"]
[SourceTitle "playchess.com"]
[Source "ChessBase"]
[SourceQuality "1"]
[WhiteTeam "Lithuania"]
[BlackTeam "Czech Republic"]
[WhiteTeamCountry "LTU"]
[BlackTeamCountry "CZE"]

1. d4 d5 2. Nf3 Nf6 3. e3 e6 4. Nbd2 c5 5. c3 Be7 6. Bd3 O-O 7. O-O b6 8. Ne5 Bb7 9. b3 Nbd7 10. f4 Ne4 11. Nxe4 dxe4 12. Bc4 Rc8 13. Bb2 Rc7 14. Qe2 Qc8 15. Ng4 a6 16. a4 Nb8 17. Ne5 Nc6 18. Nxc6 Rxc6 19. Rad1 cxd4 20. cxd4 Rc7 21. Rc1 Bb4 22. g4 Qd7 23. Kg2 Bd5 24. Bxa6 Rxc1 25. Rxc1 Bxb3 26. Bb5 Qe7 27. Bc6 Bd5 28. Kh3 h6 29. Bxd5 exd5 30. Bc3 Bxc3 31. Rxc3 Qb4 32. Qc2 b5 33. axb5 Qxb5 34. Kg2 Ra8 35. Rc8+ Rxc8 36. Qxc8+ Kh7 37. Qf5+ Kg8 38. Qc8+ Kh7 39. Qf5+ 1/2-1/2

[Event "ETCC Open 2023"]
[Site "Budva"]
[Date "2023.11.19"]
[Round "8.36"]
[White "Vykouk, Jan"]
[Black "Klabis, Rokas"]
[Result "1/2-1/2"]
[WhiteElo "2488"]
[BlackElo "2412"]
[Annotator "RC"]
[PlyCount "64"]
[EventDate "2023.11.10"]
[EventType "team-tourn"]
[EventCountry "MNE"]
[SourceTitle "playchess.com"]
[Source "ChessBase"]
[SourceQuality "1"]
[WhiteTeam "Czech Republic"]
[BlackTeam "Lithuania"]
[WhiteTeamCountry "CZE"]
[BlackTeamCountry "LTU"]

1. e4 e5 2. Nf3 Nc6 3. Bc4 Bc5 4. d3 Nf6 5. O-O d6 6. c3 h6 7. Re1 a5 8. h3 O-O 9. d4 Bb6 10. Be3 exd4 11. cxd4 d5 12. exd5 Ne7 13. Nc3 Nexd5 14. Qd2 Nxe3 15. Rxe3 c6 16. Rd1 Nd5 17. Bxd5 cxd5 18. Ne5 Bc7 19. Rc1 Bb8 20. Qc2 Be6 21. Qb3 Re8 22. Qxb7 Bxe5 23. Rxe5 Rb8 24. Qc6 Qh4 25. Re2 Rec8 26. Qa4 Bxh3 27. Rce1 Bxg2 28. Kxg2 Qg4+ 29. Kh2 Qh4+ 30. Kg2 Qg4+ 31. Kh2 Qf4+ 32. Kg2 Qg4+ 1/2-1/2

[Event "ETCC Open 2023"]
[Site "Budva"]
[Date "2023.11.19"]
[Round "8.37"]
[White "Schitco, Ivan"]
[Black "Rodshtein, Maxim"]
[Result "1/2-1/2"]
[WhiteElo "2503"]
[BlackElo "2582"]
[Annotator "RC"]
[PlyCount "79"]
[EventDate "2023.11.10"]
[EventType "team-tourn"]
[EventCountry "MNE"]
[SourceTitle "playchess.com"]
[Source "ChessBase"]
[SourceQuality "1"]
[WhiteTeam "Moldova"]
[BlackTeam "Israel"]
[WhiteTeamCountry "MDA"]
[BlackTeamCountry "ISR"]

1. d4 Nf6 2. c4 g6 3. Nc3 d5 4. cxd5 Nxd5 5. e4 Nxc3 6. bxc3 Bg7 7. Nf3 c5 8. h3 O-O 9. Be2 b6 10. Be3 Bb7 11. Qd3 Ba6 12. Qc2 Qc8 13. Rc1 e6 14. dxc5 Nd7 15. cxb6 axb6 16. O-O Bc4 17. Bxc4 Qxc4 18. Rfd1 Rxa2 19. Qb1 Nc5 20. e5 Raa8 21. Rd4 Qb3 22. Rb4 Qxb1 23. Rcxb1 Rfc8 24. Bd4 Nd7 25. Rb5 h6 26. Nd2 g5 27. Ne4 Ra5 28. h4 Bxe5 29. hxg5 Bxd4 30. cxd4 hxg5 31. Nxg5 Rxb5 32. Rxb5 Rc2 33. d5 e5 34. g4 Kf8 35. Ne4 Ke7 36. Kg2 Rc4 37. f3 Rd4 38. Kg3 Nc5 39. Nxc5 Rxd5 40. Rxb6 1/2-1/2

[Event "ETCC Open 2023"]
[Site "Budva"]
[Date "2023.11.19"]
[Round "8.38"]
[White "Nabaty, Tamir"]
[Black "Macovei, Andrei"]
[Result "1/2-1/2"]
[WhiteElo "2632"]
[BlackElo "2446"]
[Annotator "TA"]
[PlyCount "83"]
[EventDate "2023.11.10"]
[EventType "team-tourn"]
[EventCountry "MNE"]
[SourceTitle "playchess.com"]
[Source "ChessBase"]
[SourceQuality "1"]
[WhiteTeam "Israel"]
[BlackTeam "Moldova"]
[WhiteTeamCountry "ISR"]
[BlackTeamCountry "MDA"]

1. d4 Nf6 2. c4 e6 3. Nf3 Bb4+ 4. Nbd2 b6 5. a3 Bxd2+ 6. Qxd2 Bb7 7. e3 O-O 8. Be2 d5 9. b3 c5 10. dxc5 Ne4 11. Qc2 dxc4 12. Bxc4 Nd7 13. cxb6 Nxb6 14. O-O Rc8 15. Rd1 Qc7 16. Rd4 Nxc4 17. Rxc4 Qb8 18. Nd2 Nxd2 19. Bxd2 Bd5 20. Rc3 Rxc3 21. Bxc3 Qxb3 22. Qxb3 Bxb3 23. Rb1 Rb8 24. f3 f6 25. Bb4 Bc2 26. Rb2 Ba4 27. Rd2 h5 28. Rd6 Rb6 29. Rd8+ Kf7 30. Ra8 a6 31. Ra7+ Kg8 32. h4 Rc6 33. Ra8+ Kf7 34. Rh8 Kg6 35. Ra8 Kf7 36. Rh8 Kg6 37. Rb8 Kf7 38. Rf8+ Kg6 39. Rb8 Kf7 40. Kh2 Bb5 41. Rb7+ Kg8 42. Rb8+ 1/2-1/2

[Event "ETCC Open 2023"]
[Site "Budva"]
[Date "2023.11.19"]
[Round "8.39"]
[White "Bologan, Victor"]
[Black "Smirin, Ilia"]
[Result "1-0"]
[WhiteElo "2574"]
[BlackElo "2578"]
[Annotator "RC"]
[PlyCount "99"]
[EventDate "2023.11.10"]
[EventType "team-tourn"]
[EventCountry "MNE"]
[SourceTitle "playchess.com"]
[Source "ChessBase"]
[SourceQuality "1"]
[WhiteTeam "Moldova"]
[BlackTeam "Israel"]
[WhiteTeamCountry "MDA"]
[BlackTeamCountry "ISR"]

1. e4 c5 2. Nf3 e6 3. d4 cxd4 4. Nxd4 a6 5. c4 Nf6 6. Nc3 Qc7 7. a3 b6 8. f4 Bb7 9. Bd3 d6 10. O-O g6 11. Qe2 Bg7 12. f5 Qe7 13. Bg5 Nbd7 14. Rad1 O-O 15. Bb1 Rac8 16. fxe6 fxe6 17. Ba2 Kh8 18. b4 h6 19. Bh4 g5 20. Bg3 Nh7 21. Rfe1 Rfe8 22. Na4 Nhf6 23. Bb1 Red8 24. Nb3 Ne8 25. Bf2 b5 26. Na5 Ne5 27. cxb5 axb5 28. Qxb5 Ba8 29. Nb6 Rc3 30. Re3 Qc7 31. Nxa8 Rxa8 32. Qe2 Rxe3 33. Bxe3 Qc3 34. Bc1 Rc8 35. Ba2 Qxc1 36. Rxc1 Rxc1+ 37. Kf2 Rc3 38. Bb1 Nf6 39. h3 g4 40. Qd2 Rxa3 41. Qxd6 gxh3 42. gxh3 Rxh3 43. Kg2 Rh5 44. Qxe6 Kh7 45. Nc6 Rg5+ 46. Kf1 Nh5 47. Nxe5 Bxe5 48. b5 Ng7 49. Qe7 Rh5 50. Bd3 1-0